The trail blazers ; the story of the Lewis and Clark expedition /

Bibliographic Details
Main Author: Wade, Mary Hazelton Blanchard, 1860-1936
Format: Book
Language:English
Published: Boston : Little, Brown, and company, 1924.
Subjects:

MARC

Tag First Indicator Second Indicator Subfields
LEADER 00000cam a2200000 4500
001 in00000228209
005 20151009070734.0
008 790806s1924 mauf 00010beng d
010 |a  24021674  
035 |a (OCoLC)05245322 
035 |9 AAY6324AM 
040 |a TXA  |c TXA  |d UtOrBLW 
049 |a TXAS  |c [383441] 
090 |a F592.7  |b .W12 
100 1 |a Wade, Mary Hazelton Blanchard,  |d 1860-1936. 
245 1 4 |a The trail blazers ;  |b the story of the Lewis and Clark expedition /  |c by Mary H. Wade. 
264 1 |a Boston :  |b Little, Brown, and company,  |c 1924. 
300 |a 276 pages :  |b frontispiece, plates. 
336 |a text  |b txt  |2 rdacontent 
337 |a unmediated  |b n  |2 rdamedia 
338 |a volume  |b nc  |2 rdacarrier 
600 1 0 |a Lewis, Meriwether,  |d 1774-1809. 
600 1 0 |a Clark, William,  |d 1770-1838. 
611 2 0 |a Lewis and Clark Expedition  |d (1804-1806) 
999 |a MARS 
999 f f |s e926a668-9297-31c2-99bf-ece36db3d404  |i 559aaf47-7dd0-30ca-b5c3-9c1cba0d7a85  |t 0 
952 f f |p noncirc  |a Texas A&M University  |b College Station  |c Cushing Memorial Library & Archives  |d Cushing: Dykes (Does not check out)  |t 0  |e F592.7 .W12  |h Library of Congress classification  |i unmediated -- volume  |m A14851715210 
998 f f |a F592.7 .W12  |t 0  |l Cushing: Dykes (Does not check out)